01571nam a2200385 a 4500001001200000003000800012006001900020007001500039008004100054010001700095020001800112020003300130020004000163040002100203035002000224050002700244082002200271100003400293245011200327260005600439300001700495504006400512533015200576650002900728650003300757650003500790650005200825650003500877651004000912651004400952655002900996710001701025856012601042999001701168ebr10062307CaPaEBRm u cr cn|||||||||020625s2003 cau sb s001 0 eng  z 2002009721 z9780520928671 z0520233824 (acid-free paper) z0520233832 (pbk. : acid-free paper) aCaPaEBRcCaPaEBR a(OCoLC)5603487214aDA676.9.S6bR34 2003eb04a305.6/94504212211 aRaj, Dhooleka Sarhadi,d1969-10aWhere are you from?h[electronic resource] :bMiddle-class migrants in the modern world /cDhooleka S. Raj. aBerkeley :bUniversity of California Press,cc2003. axvii, 267 p. aIncludes bibliographical references (p. 239-256) and index. aElectronic reproduction.bPalo Alto, Calif. :cebrary,d2013.nAvailable via World Wide Web.nAccess may be limited to ebrary affiliated libraries. 0aHinduszEnglandzLondon. 0aImmigrantszEnglandzLondon. 0aMiddle classzEnglandzLondon. 0aPanjabis (South Asian people)zEnglandzLondon. 0aSouth AsianszEnglandzLondon. 0aLondon (England)xEthnic relations. 0aSouth AsiaxEmigration and immigration. 7aElectronic books.2local2 aebrary, Inc.40uhttp://site.ebrary.com/lib/rucke/Doc?id=10062307zAn electronic book accessible through the World Wide Web; click to view c47029d47029